Champions League Real Madrid - Estadísticas

Estadísticas generales
  • Esta prueba ha sido intentada 752 veces
  • La puntuación promedio es 7 de 10
Estadísticas de respuestas
# GOLES RESPUESTAS PAIS % Correcto
1 105 Cristiano Ronaldo PORTUGAL
100%
2 78 Karim Benzema FRANCIA
98%
7 16 Gareth Bale GALES
97%
3 66 RAUL ESPAÑA
93%
4 28 Vinicius Junior BRASIL
88%
5 24 Rodrygo BRASIL
80%
8 16 Luis Figo PORTUGAL
66%
10 16 Roberto Carlos BRASIL
42%
6 17 Fernando Morientes ESPAÑA
39%
9 16 Guti ESPAÑA
29%
No se encontraron pruebas coincidentes
Distribución de puntuación
Porcentaje de gente con cada puntuación
Porcentaje por número respondido
Historial de tus puntuaciones
No has intentado esta prueba.